Analyzing Biographies of Foreign-born Academics in Slovakia: Why Highly Skilled Employees Decide to Choose a Peripheral Country

Sumarizovanie výsledkov kvantitatívneho prieskumu, ktoré faktory priťahujú zahraničných výskumných pracovníkov do krajiny na periférií. Rozlíšenie 6 typov zahraničných pracovníkov. Charakteristiky jednotlivých kategórií.

Salvato in:
Dettagli Bibliografici
Autore principale: Łuczaj, Kamil
Natura: Capitolo di libro
Lingua:inglese
Soggetti:
Tags: Aggiungi Tag
Nessun Tag, puoi essere il primo ad aggiungerne!!

MARC

LEADER 00000naa a2200000 4500
001 0257341
005 20190805100014.9
041 0 |a eng 
044 |a SK 
245 1 0 |a Analyzing Biographies of Foreign-born Academics in Slovakia: Why Highly Skilled Employees Decide to Choose a Peripheral Country  |c Kamil Łuczaj 
520 |a Sumarizovanie výsledkov kvantitatívneho prieskumu, ktoré faktory priťahujú zahraničných výskumných pracovníkov do krajiny na periférií. Rozlíšenie 6 typov zahraničných pracovníkov. Charakteristiky jednotlivých kategórií. 
610 2 0 |a pracovníci vedeckí 
610 2 0 |a migrácia 
610 2 0 |a vzdelávanie 
610 2 0 |a Slovensko 
100 1 |a Łuczaj, Kamil